Stereometrie : ein leitfaden fur den unterridbt mit ubnugsaufgaben

Saved in:
Bibliographic Details
Main Author: Renner, Christian
Format: Book
Language:German
Published: Munchen : Ehrenwirth Verlag, [19--]
Subjects:
Tags: Add Tag
No Tags, Be the first to tag this record!

MARC

LEADER 00000cam a2200000 i 4500
001 1/13572
008 110608q ger d
035 |l 10110251 
040 |a GR-MY-UA  |b gre  |e aacr 
041 0 |a ger 
082 0 |a 516.23  |2 (22) 
100 1 |a Renner, Christian. 
245 1 0 |a Stereometrie :  |b ein leitfaden fur den unterridbt mit ubnugsaufgaben /  |c von Christian Renner 
260 |a Munchen :   |b Ehrenwirth Verlag,   |c [19--] 
300 |a 108 σ.;  |b εικ., πιν.;  |c 21 εκ. 
504 |a Περιέχει ευρετήριο 
650 0 0 |a Geometry, solid. 
852 |a INST  |b SAMOS  |c MAG  |e 20110608  |h 516.23 REN  |p 005300032760  |q 005300032760  |t BK  |y 0 
901 |a BIBL3-2011-2 
909 |a Σ  |b 167149 
970 |a ΚΟΣΙΕΡΗΣ  |b ΧΡΗΣΤΟΣ  |z 2011/06/08